书目信息 |
| 题名: |
古文的标点断句和翻译
|
|
| 作者: | 赵国玺 著 | |
| 分册: | ||
| 出版信息: | 长春 东北师范大学出版社 1988.12 |
|
| 页数: | 238页 | |
| 开本: | 19cm | |
| 丛书名: | ||
| 单 册: | ||
| 中图分类: | H159 | |
| 科图分类: | ||
| 主题词: | 汉语--翻译 | |
| 电子资源: | ||
| ISBN: | 7-5602-0233-0 | |
| 000 | 00554nam0 2200193 45 | |
| 001 | 0404281629 | |
| 005 | 20040428171117.8 | |
| 010 | @a7-5602-0233-0@dCNY2.20 | |
| 100 | @a20040428d1988 km y0chiy0120 ea | |
| 101 | 0 | @achi |
| 105 | @a z 000yy | |
| 200 | 1 | @a古文的标点断句和翻译@AGu Wen De Biao Dian Duan Ju He Fan Yi@f赵国玺著@FZhao Guo Xi Zhu |
| 210 | @a长春@c东北师范大学出版社@d1988.12 | |
| 215 | @a238页@d19cm | |
| 606 | 0 | @a汉语@x翻译 |
| 690 | @aH159@v3 | |
| 701 | 0 | @a赵国玺@4著 |
| 801 | @aCN@bPftUser@c20040428 | |
| 905 | @f1@b220115@dH159@e189 | |
| 古文的标点断句和翻译/赵国玺著.-长春:东北师范大学出版社,1988.12 |
| 238页;19cm |
| ISBN 7-5602-0233-0:CNY2.20 |
| ● |
| 相关链接 |
|
|
|
|
正题名:古文的标点断句和翻译
索取号:H159/189
 
预约/预借
| 序号 | 登录号 | 条形码 | 馆藏地/架位号 | 状态 | 备注 |
| 1 | 0220115 | 000854640 | 第四借阅区/ [索取号:H159/189] | 在馆 | |
| 2 | 0220117 | 202076154 | 第二样本阅览室/ [索取号:H159/189] | 在馆 |